00918nam a2200229 a 4500001001000000003000500010005001700015008004100032010001100073011001100084040000900095100003100104245020700135260004100342500006000383502007700443650002100520650002400541650002700565650002600592856007000618000113350CHAP20220329144350.0170609s2016 mx a fsm |||||||spa d a109811 a110783 cCHAP1 aSantos Rojas, Angel Moises10aVariabilidad genética de la germinación y crecimiento de plántulas en poblaciones de maíz amarillo (Zea mays L.) para los Valles Altos de México /h[En línea]cpor Angel Moises Santos Rojas. aChapingo, Méx. :bEl autor,c2016. aPara ver el contenido del material haga clic en la liga aTesis (Ing. Agr. Esp. en Fitotecnia) -- UACH. Departamento de Fitotecnia14aMaízxCalidad.14aMaízxGenética.14aMaízxGerminación.14aMaízxMejoramiento. aFinding aiduhttp://10.13.5.2/tesis/sist113350.pdfzTeclea aquí